000
00186 a2200097 4500
020
_a
9780439677745
041
_a
eng
100
_a
Cronin,Doreen
245
_a
Diary of a Worm
942
_c
BK
999
_c
31876
_d
31874